<?xml version="1.0" encoding="UTF-8"?>
<record
    xmlns:xsi="http://www.w3.org/2001/XMLSchema-instance"
    xsi:schemaLocation="http://www.loc.gov/MARC21/slim http://www.loc.gov/standards/marcxml/schema/MARC21slim.xsd"
    xmlns="http://www.loc.gov/MARC21/slim">

  <leader>02843nam a2200325 a 4500</leader>
  <controlfield tag="001">BRCA_5006</controlfield>
  <controlfield tag="005">20190320204911.0</controlfield>
  <controlfield tag="008">291010m17971799mx-######v---#000-0#spa-#</controlfield>
  <datafield tag="041" ind1=" " ind2=" ">
    <subfield code="a">spa</subfield>
  </datafield>
  <datafield tag="044" ind1=" " ind2=" ">
    <subfield code="a">mx</subfield>
  </datafield>
  <datafield tag="084" ind1=" " ind2=" ">
    <subfield code="a">DOC89</subfield>
    <subfield code="b">.B67</subfield>
    <subfield code="c">1797</subfield>
  </datafield>
  <datafield tag="100" ind1="1" ind2=" ">
    <subfield code="a">Borda, Jos&#xE9; de la</subfield>
    <subfield code="9">12766</subfield>
  </datafield>
  <datafield tag="245" ind1="1" ind2="0">
    <subfield code="a">Documento propiedad de Jos&#xE9; de la Borda y Manuel de la Borda</subfield>
    <subfield code="c">Jos&#xE9; de la Borda ... [et al.].</subfield>
  </datafield>
  <datafield tag="260" ind1=" " ind2=" ">
    <subfield code="a">M&#xE9;xico</subfield>
    <subfield code="c">1797-1799</subfield>
  </datafield>
  <datafield tag="300" ind1=" " ind2=" ">
    <subfield code="a">[79] fojas</subfield>
    <subfield code="c">32 x 22 cm</subfield>
  </datafield>
  <datafield tag="500" ind1=" " ind2=" ">
    <subfield code="a">Documento que contiene varios asuntos firmados y fechados entre 1797 y 1799</subfield>
  </datafield>
  <datafield tag="500" ind1=" " ind2=" ">
    <subfield code="a">Libro 5 de la Cuenta de Albaceazgo de Do&#xF1;a Mar&#xED;a Matiana Vel&#xE1;zquez y el Doctor Don Manuel de la Borda, formado por su albacea Don Joaqu&#xED;n Romero Caama&#xF1;o con referencia a los documentos de comprobaci&#xF3;n</subfield>
  </datafield>
  <datafield tag="500" ind1=" " ind2=" ">
    <subfield code="a">Documento que contiene viarios legajos firmados en diversas fechas</subfield>
  </datafield>
  <datafield tag="500" ind1=" " ind2=" ">
    <subfield code="a">El documento contiene la leyenda DOC. #249</subfield>
  </datafield>
  <datafield tag="500" ind1=" " ind2=" ">
    <subfield code="a">Papel con marca de agua</subfield>
  </datafield>
  <datafield tag="500" ind1=" " ind2=" ">
    <subfield code="a">Estado de conservaci&#xF3;n: Contiene da&#xF1;os provocados por insectos papirogr&#xE1;fos y acidificaci&#xF3;n</subfield>
  </datafield>
  <datafield tag="505" ind1="0" ind2=" ">
    <subfield code="a">Foja [3-15]: Testamentar&#xED;a de Don Manuel de la Borda, 1798 . -- Foja [16-17]: Cuenta del producto de arrendamientos que han rendido las casas de esta ciudad pertenecientes a la testamentar&#xED;a de Don Manuel de la Borda, 1797 . -- Foja [19-20] : Gastos erogados en composturas y reparos de las casas, 1797 . --  Foja [21-37]: Cuenta de Cargo y Data de los reales que se ha recibido de los arrendamientos de las casas y gastos causados por los herederos, 1797 . -- Foja [38-44]: Cuenta de la ropa de uso que se ha hecho al ni&#xF1;o Jos&#xE9; de la Borda, 1797 . -- Foja [45-53]: Liquidaci&#xF3;n y revisi&#xF3;n de la cuenta que antecede con arreglo a las artidas que se compone y a los documentos de comprobaci&#xF3;n a que se refiere . -- Foja [54-61]: Cuenta del precio de la Hacienda de San Juan de Dios. -- Foja [62-70]: Carta que el Virrey Miguel Jos&#xE9; Azanza, dirige a Joaqu&#xED;n Romero de Caama&#xF1;o sobre un donativo, 3 de noviembre de 1778 . -- Foja [71-72]: Carta de Joaqu&#xED;n Romero Caama&#xF1;o al Virrey Miguel Jos&#xE9; de Azanza ofreciendo </subfield>
    <subfield code=" ">500.00 . -- Foja [73]: Certificado de Tesorer&#xED;a General de Ej&#xE9;rcito y Real Hacienda de M&#xE9;xico de haber recibido el donativo de </subfield>
    <subfield code=" ">500.00 para ayuda de los gastos de guerra contra la Gran Breta&#xF1;a. 8 de novimebre 1798 . -- Foja[74-79]: Apuntes de la cuenta de los gastos menores de la Testamentar&#xED;a de Do&#xF1;a  Mar&#xED;a Matiana Vel&#xE1;zquez y el Doctor Borda, 1798.</subfield>
  </datafield>
  <datafield tag="506" ind1="0" ind2=" ">
    <subfield code="a">Fondo reservado: para su consulta es necesario credencial de usuario y carta de motivos</subfield>
  </datafield>
  <datafield tag="546" ind1=" " ind2=" ">
    <subfield code="a">Texto en: espa&#xF1;ol a finales del siglo XVIII</subfield>
  </datafield>
  <datafield tag="600" ind1="1" ind2="4">
    <subfield code="a">Borda, Jos&#xE9; de la</subfield>
    <subfield code="x">Historia</subfield>
    <subfield code="9">12767</subfield>
  </datafield>
  <datafield tag="650" ind1="1" ind2="4">
    <subfield code="a">Documentos legales</subfield>
    <subfield code="9">12768</subfield>
  </datafield>
  <datafield tag="651" ind1=" " ind2="4">
    <subfield code="a">M&#xE9;xico</subfield>
    <subfield code="v">Manuscrito</subfield>
    <subfield code="x">Historia</subfield>
    <subfield code="y">Colonia, 1521-1821</subfield>
    <subfield code="9">12769</subfield>
  </datafield>
  <datafield tag="902" ind1=" " ind2=" ">
    <subfield code="a">FDH</subfield>
  </datafield>
  <datafield tag="942" ind1=" " ind2=" ">
    <subfield code="2">lcc</subfield>
    <subfield code="c">D</subfield>
  </datafield>
  <datafield tag="999" ind1=" " ind2=" ">
    <subfield code="c">4700</subfield>
    <subfield code="d">4700</subfield>
  </datafield>
  <datafield tag="952" ind1=" " ind2=" ">
    <subfield code="0">0</subfield>
    <subfield code="1">0</subfield>
    <subfield code="4">0</subfield>
    <subfield code="7">0</subfield>
    <subfield code="a">BRCA</subfield>
    <subfield code="b">BRCA</subfield>
    <subfield code="d">2010-10-29</subfield>
    <subfield code="l">0</subfield>
    <subfield code="o">DOC89 .B67 1797</subfield>
    <subfield code="p">5090</subfield>
    <subfield code="r">2019-03-22 00:00:00</subfield>
    <subfield code="w">2019-03-22</subfield>
    <subfield code="y">D</subfield>
  </datafield>
</record>
